US Company Headquarters Match Quiz Stats

 Plays Quiz not verified by Sporcle

Also try: 'CH' Game
Challenge
Share
Tweet
Score 0/40 Timer 08:00
0 Plays Today
% Correct
Disney
81.6%
Ford Motor Company
81.6%
Nike
81.6%
Starbucks
81.6%
Microsoft Corporation
79.6%
Walmart
79.6%
Coca-Cola
77.6%
Apple Inc.
73.5%
Bank of America
71.4%
H. J. Heinz
69.4%
Target
67.3%
FedEx Corporation
65.3%
Berkshire Hathaway
59.2%
Levi Strauss & Company
59.2%
McDonald's
59.2%
Kellogg Company
57.1%
Proctor & Gamble
57.1%
Southwest Airlines
57.1%
Hewlett-Packard
53.1%
Adobe Systems
51%
% Correct
Papa John's
51%
Dell
44.9%
The Boeing Company
44.9%
ConocoPhilips
42.9%
Domino's
42.9%
Netflix
42.9%
Lowe's
40.8%
Johnson & Johnson
38.8%
Pepsi Co.
38.8%
Wendy's
38.8%
Whole Foods Market
38.8%
Best Buy
34.7%
CVS Caremark
34.7%
Home Depot
34.7%
IBM
34.7%
Verizon
34.7%
Walgreens
32.7%
Office Depot
26.5%
Stanley Works
20.4%
Ralston Purina
18.4%

You're not logged in!

Compare scores with friends on all Sporcle quizzes.
Join for Free
OR
Log In

You Might Also Like...

Show Comments

Extras

Top Quizzes Today


Score Distribution

Your Account Isn't Verified!

In order to create a playlist on Sporcle, you need to verify the email address you used during registration. Go to your Sporcle Settings to finish the process.

Report this User

Report this user for behavior that violates our Community Guidelines.

Details: